000
00277nam a22001337a 4500
020
_a
0-7214-0875-3
082
_a
823
_b
DIS/C
100
_a
DISNEY, WALT
245
_a
CINDRELLA
260
_a
ENGLAND
_b
LADYBIRD
300
_a
43
650
_a
ENGLISH SHORT STORY
_z
UK
942
_c
BK
999
_c
3742
_d
3742